PHYSICAL CHEMISTRY- 2 (Record no. 10058)

MARC details
000 -LEADER
fixed length control field 00288nam a22001337a 4500
003 - CONTROL NUMBER IDENTIFIER
control field SGT
082 ## - DEWEY DECIMAL CLASSIFICATION NUMBER
Classification number BAN,541
100 ## - MAIN ENTRY--PERSONAL NAME
Personal name BANSAL, RAJESH
245 ## - TITLE STATEMENT
Title PHYSICAL CHEMISTRY- 2
260 ## - PUBLICATION, DISTRIBUTION, ETC. (IMPRINT)
Place of publication, distribution, etc MEERUT
Name of publisher, distributor, etc PRAGATI PRAKASHAN
Year of Publication 2016
300 ## - PAGE DESCRIPTION
No. of Pages 186
650 ## - SUBJECT ADDED ENTRY--TOPICAL TERM
Topical term or geographic name as entry element CHEMISTRY
942 ## - ADDED ENTRY ELEMENTS (KOHA)
Source of classification or shelving scheme Dewey Decimal Classification
Koha item type FPS Books
942 ## - ADDED ENTRY ELEMENTS (KOHA)
-- 17
Holdings
Withdrawn status Lost status Source of classification or shelving scheme Damaged status Not for loan Collection code Home library Current library Shelving location Date acquired Vendor Name Cost, normal purchase price SGTU Bill Number Total Checkouts Full call number Accession No. (Barcode) Date last seen Date last borrowed Bill Date Koha item type
    Dewey Decimal Classification     SCIENCE SGT Science & Social Sciences Library SGT Science & Social Sciences Library Text Book 28/11/2016 PRAGATI PRAKASHAN 210.00 SGTU 7099 41 BAN,541 PS2865 15/01/2025 10/01/2025 26/09/2016 FPS Books
    Dewey Decimal Classification     SCIENCE SGT Science & Social Sciences Library SGT Science & Social Sciences Library Text Book 28/11/2016 PRAGATI PRAKASHAN 210.00 SGTU 7099 46 BAN,541 PS2866 02/07/2025 06/02/2025 26/09/2016 FPS Books
Withdrawn   Dewey Decimal Classification     SCIENCE SGT Science & Social Sciences Library SGT Science & Social Sciences Library Text Book 28/11/2016 PRAGATI PRAKASHAN 210.00 SGTU 7099 1 BAN,541 PS2867 17/01/2017 17/01/2017 26/09/2016 FPS Books